000
00288nam a22001337a 4500
008
170601b xxu||||| |||| 00| 0 eng d
020
_a
0669866458
041
_a
eng
080
_a
94(7/8)
100
_a
17
101
_a
SHH
245
_a
THE GREAT REPUBLIC
_c
BAILYN, B
942
_2
udc
_c
BK
999
_c
15307
_d
15307